=LDR 00000nam 2200000 4500 =001 INLIS000000000044741 =005 20140430141143.0 =006 =007 =008 Ind =035 ##$$a 0010-101300000002663 =041 ##$$a Ind =082 ##$$a 631.81 =090 ##$$a 631.81, Sur b =100 ##$$a Suryati, Titi =245 ##$$a Bij dan Cerdas Mengolah Sampah : Membuat Sampah dari Sampah Rumah Tangga, Suryati, Titi =260 ##$$a 2009 $b Jakarta =300 ##$$a VI, 68 Hlm., 23 Cm =850 ##$$a NNT-CD